000 01064nam a2200337 c 4500
001 14065
003 ES-MaCES
005 20150925133412.0
008 020917s2001 sp t o000 | spa d
035 _aCES20020011732m
040 _aES-MaCES
_bspa
_cES-MaCES
245 0 3 _aLa valoración de las capacidades de las mujeres directivas postgraduadas en la empresa
_b: [Programa FSE-EOI]
260 _a[Madrid]
_bEOI
_c2001
300 _a133 h.
_c29 cm
500 _aSubtít. tomado de la cub.
504 _aBibliografía: p. 122-125
541 _cGratuito
650 4 _amujeres
_928657
650 4 _atrabajadora
_928413
650 4 _agraduado universitario
_927443
650 4 _aalta dirección
_928192
650 4 _amandos intermedios
_928191
650 4 _adiscriminación por razones de sexo
_929521
650 4 _aEspaña
_926964
653 1 0 _aMujer
650 4 _928178
_aempresa
710 2 _aEscuela de Organización Industrial
_eed.
_92702
902 _aLIB Libro
942 _2CES
_cBK
_h3.3.
999 _c14065
_d14065